Sucker Punch Productions Games - Statistics

General Stats
  • This quiz has been taken 7 times
  • The average score is 8 of 12
Answer Stats
Year Game % Correct
2020 Ghost of Tsushima
83%
2021 Ghost of Tsushima: Legends
83%
2009 Infamous
83%
2011 Infamous 2
83%
2002 Sly Cooper and the Thievius Racconus
83%
2025 Ghost of Yōtei
67%
2004 Sly 2: Band of Thieves
67%
2005 Sly 3: Honor Among Thieves
67%
2014 Infamous First Light
50%
2014 Infamous Second Son
50%
1999 Rocket: Robot on Wheels
50%
2011 Infamous: Festival of Blood
17%
No matching quizzes found
Score Distribution
Percent of People with Each Score
Percentile by Number Answered
Your Score History
You have not taken this quiz